[Event "Panevezys Elite Open 2019"]
[Site "Panevezys"]
[Date "2019.06.25"]
[Round "1.1"]
[White "Badelka, Olga"]
[Black "Sulskis, Sarunas"]
[Result "1/2-1/2"]
[WhiteElo "2391"]
[BlackElo "2528"]
[Annotator "RC"]
[PlyCount "100"]
[EventDate "2019.06.24"]
[EventType "swiss"]
[EventCountry "LTU"]
[SourceTitle "playchess.com"]
[Source "ChessBase"]
[SourceQuality "1"]
[TimeControl "40/5400+30:1800+30"]

1. d4 {[%emt 0:00:00]} d5 {[%emt 0:00:16]} 2. c4 {[%emt 0:00:00]} e6 {[%emt 0:00:55]} 3. Nc3 {[%emt 0:00:00]} c5 {[%emt 0:03:45]} 4. cxd5 {[%emt 0:00:30]} cxd4 {[%emt 0:00:25]} 5. Qxd4 {[%emt 0:00:12]} Nc6 {[%emt 0:00:30]} 6. Qd1 {[%emt 0:00:37]} exd5 {[%emt 0:01:02]} 7. e3 {[%emt 0:06:07]} Nf6 {[%emt 0:00:26]} 8. Nf3 {[%emt 0:00:08]} Bc5 {[%emt 0:02:18]} 9. Be2 {[%emt 0:00:59]} O-O {[%emt 0:04:22]} 10. O-O {[%emt 0:00:08]} a6 {[%emt 0:07:13]} 11. b3 {[%emt 0:13:12]} d4 {[%emt 0:03:56]} 12. Na4 {[%emt 0:00:07]} Ba7 {[%emt 0:02:28]} 13. Nxd4 {[%emt 0:00:28]} Nxd4 {[%emt 0:06:02]} 14. exd4 {[%emt 0:00:05]} Bxd4 {[%emt 0:00:12]} 15. Bb2 {[%emt 0:00:07]} Bxb2 {[%emt 0:02:21]} 16. Nxb2 {[%emt 0:00:04]} Bf5 {[%emt 0:00:33]} 17. Bf3 {[%emt 0:04:28]} Be4 {[%emt 0:04:01]} 18. Bxe4 {[%emt 0:02:47]} Nxe4 {[%emt 0:00:07]} 19. Re1 {[%emt 0:00:34]} f5 {[%emt 0:04:57]} 20. Nc4 {[%emt 0:05:33]} b5 {[%emt 0:20:23]} 21. Ne3 {[%emt 0:01:48]} Qxd1 {[%emt 0:08:20]} 22. Raxd1 {[%emt 0:03:15]} Nc3 {[%emt 0:00:24]} 23. Rd3 {[%emt 0:04:10]} Nxa2 {[%emt 0:02:13]} 24. Nd5 {[%emt 0:00:42]} Rfe8 {[%emt 0:01:36]} 25. Ra1 {[%emt 0:24:52]} Rac8 {[%emt 0:01:37]} 26. Rdd1 {[%emt 0:08:16]} Nc3 {[%emt 0:06:35]} 27. Nxc3 {[%emt 0:00:05]} Rxc3 {[%emt 0:00:05]} 28. Rxa6 {[%emt 0:01:49]} Rxb3 {[%emt 0:00:09]} 29. g3 {[%emt 0:04:21]} f4 {[%emt 0:06:26]} 30. gxf4 {[%emt 0:00:18]} Rb4 {[%emt 0:00:28]} 31. Rb6 {[%emt 0:03:56]} Rf8 {[%emt 0:04:19]} 32. Rd5 {[%emt 0:00:28]} Rbxf4 {[%emt 0:00:47]} 33. Rdxb5 {[%emt 0:00:06]} Rxf2 {[%emt 0:01:01]} 34. Rb8 {[%emt 0:00:04]} g6 {[%emt 0:00:50]} 35. Rxf8+ {[%emt 0:00:27]} Rxf8 {[%emt 0:00:22]} 36. Rb7 {[%emt 0:00:02]} Rf7 {[%emt 0:00:07]} 37. Rb8+ {[%emt 0:00:03]} Kg7 {[%emt 0:00:04]} 38. Kg2 {[%emt 0:00:03]} Ra7 {[%emt 0:00:05]} 39. Kg3 {[%emt 0:00:18]} Ra3+ {[%emt 0:00:07]} 40. Kg2 {[%emt 0:00:23]} Ra2+ {[%emt 0:01:05]} 41. Kg3 {[%emt 0:30:03]} Ra3+ {[%emt 0:30:04]} 42. Kg2 {[%emt 0:00:03]} g5 {[%emt 0:04:26]} 43. Rb6 {[%emt 0:00:09]} g4 {[%emt 0:00:30]} 44. Rc6 {[%emt 0:00:35]} h5 {[%emt 0:02:31]} 45. Rb6 {[%emt 0:01:18]} Kf7 {[%emt 0:00:00]} 46. Rh6 {[%emt 0:00:00]} Ra5 {[%emt 0:00:00]} 47. Kg3 {[%emt 0:00:00]} Kg7 {[%emt 0:00:00]} 48. Rb6 {[%emt 0:00:00]} Ra3+ {[%emt 0:00:00]} 49. Kg2 {[%emt 0:00:00]} Rf3 {[%emt 0:00:00]} 50. Ra6 {[%emt 0:00:00]} Rc3 {[%emt 0:00:00]} 1/2-1/2

[Event "Panevezys Elite Open 2019"]
[Site "Panevezys"]
[Date "2019.06.25"]
[Round "1.2"]
[White "Laurusas, Tomas"]
[Black "Semjonovs, Ilja"]
[Result "1-0"]
[WhiteElo "2507"]
[BlackElo "2383"]
[Annotator "TA"]
[PlyCount "59"]
[EventDate "2019.06.24"]
[EventType "swiss"]
[EventCountry "LTU"]
[SourceTitle "playchess.com"]
[Source "ChessBase"]
[SourceQuality "1"]

{[%evp 11,59,27,37,0,10,3,24,29,35,31,23,29,28,21,29,31,36,12,21,18,44,35,52,25,30,17,38,27,20,14,26,14,43,43,69,46,97,96,97,40,47,47,240,240,433,439,579,558,664,332]} 1. d4 Nf6 2. c4 g6 3. Nc3 d5 4. cxd5 Nxd5 5. e4 Nxc3 6. bxc3 Bg7 7. Bg5 {D85: Exchange Grünfeld: Unusual White 7th moves and lines with 7 Nf3} (7. Qa4+ Nd7 8. Nf3 O-O 9. Be2 e5 10. Ba3 Re8 11. dxe5 Nxe5 12. Rd1 Bd7 13. Qb3 Nxf3+ 14. gxf3 Qc8 15. h4 Be6 16. c4 Rd8 17. Rxd8+ Qxd8 {0-1 (52) Vidit,S (2711)-Shankland,S (2731) Prague 2019}) 7... c5 8. Rc1 cxd4 9. cxd4 {White has an edge.} O-O 10. Nf3 Bg4 11. d5 Qd6 12. Be2 Nd7 13. O-O Rac8 14. Qd2 $146 ({Predecessor:} 14. h3 Bxf3 15. Bxf3 Rxc1 16. Qxc1 {½-½ (42) Munkhgal,G (2257)-Enkhsaikhan,B (2196) Ulaanbaatar 2010}) 14... Bxf3 15. Bxf3 e6 16. h3 h5 17. Rfe1 (17. Rfd1 $5 {[%cal Rc1c8]} Rxc1 18. Rxc1 $14 (18. Qxc1 exd5 19. exd5 Ne5 $14)) 17... Rfe8 18. Be3 a6 19. Red1 {[#] dxe6 is the strong threat.} Rxc1 20. Qxc1 exd5 21. exd5 Bf6 22. a4 Re7 23. Qc8+ Kg7 (23... Nf8 $14) 24. Qxb7 $16 Ne5 {[#]} 25. Qb6 (25. Qb3 $1 $16) 25... Nxf3+ $14 26. gxf3 Qa3 $2 ({Black should play} 26... Qxb6 $14 27. Bxb6 Rd7) 27. Qxa6 $18 Qb3 $2 (27... Rxe3 {is a better defense.} 28. fxe3 Qxe3+ 29. Kg2 Be5) 28. Rd3 {White is clearly winning.} Qb1+ 29. Kg2 Be5 30. Qb5 {Accuracy: White = 59%, Black = 44%.} 1-0

[Event "Panevezys Elite Open 2019"]
[Site "Panevezys"]
[Date "2019.06.25"]
[Round "1.3"]
[White "Krishna Teja, N."]
[Black "Gleizerov, Evgeny"]
[Result "1-0"]
[WhiteElo "2357"]
[BlackElo "2495"]
[Annotator "TA"]
[PlyCount "119"]
[EventDate "2019.06.24"]
[EventType "swiss"]
[EventCountry "LTU"]
[SourceTitle "playchess.com"]
[Source "ChessBase"]
[SourceQuality "1"]

{[%evp 9,119,26,39,22,35,21,18,27,38,22,31,39,33,7,22,-12,-16,-7,-13,-52,-43,-59,-60,-86,-35,-32,83,38,82,82,88,87,100,109,100,49,58,50,57,52,54,48,88,89,117,132,117,88,83,92,69,71,68,16,24,0,0,0,8,8,102,114,262,210,215,225,233,247,225,131,125,82,337,64,148,8,8,8,8,8,8,8,672,0,0,0,8,8,6,6,7,6,28,29,29,29,31,31,31,34,34,34,34,0,752,711,29970,29972,29967,29969,29985,29986]} 1. d4 e6 2. c4 f5 3. g3 Nf6 4. Bg2 d5 5. Nc3 c6 6. Bf4 {A90: Dutch Defence: Miscellaneous and Modern Stonewall (with ...Bd6)} (6. Nh3 Bd6 7. O-O O-O 8. Qc2 dxc4 9. e4 e5 10. exf5 exd4 11. Ne2 c5 12. Qxc4+ Kh8 13. Ng5 Nc6 14. Bf4 Bxf5 15. Nf7+ Rxf7 16. Qxf7 {0-1 (25) Onischuk,A (2672)-Akobian,V (2647) Saint Louis 2018}) 6... Nbd7 7. Nf3 dxc4 8. O-O {The position is equal.} Bb4 $146 ({Predecessor:} 8... Nd5 9. Bg5 Be7 10. Bxe7 Qxe7 11. e4 Nxc3 12. bxc3 f4 13. Nd2 Nb6 14. a4 {1-0 (57) Cichocki,K (1945)-Lunkiewicz,D (2024) Poland 2014}) 9. Qc2 O-O 10. a4 Nd5 11. Na2 (11. Bg5 {with more complications.} Qe8 12. e4 fxe4 13. Nxe4 a5 14. Qxc4 Qg6 15. Qc2) 11... Nxf4 12. gxf4 Bd6 13. e3 Nb6 14. Nc1 a5 $1 15. Ne2 Bd7 16. Nd2 g5 (16... Be8 $17) 17. fxg5 $15 f4 (17... Qxg5 $15 {stays ahead.} 18. f4 Qe7) 18. exf4 Bxf4 19. Nxf4 Rxf4 20. Ne4 Nd5 21. Qxc4 Be8 22. Ra3 (22. Qb3 $16) 22... Bg6 $14 23. Nc5 Qe7 24. Re1 Qf7 25. Qe2 (25. Rxe6 $2 Rxf2 26. Qb3 b6 $17) 25... Re8 26. Qe5 ({Much worse is} 26. Nxe6 $6 Bh5 $11) 26... Rxf2 27. Bxd5 $1 cxd5 {[#]} 28. Nd7 $1 {[%cal Rd7f6][%mdl 512] Nf6+ is the strong threat.} Rf5 (28... Qxd7 29. Kxf2) 29. Nf6+ {[%mdl 64] Double Attack} Kh8 30. Qg3 Rc8 31. Rae3 (31. Rc3 $14 Rxc3 32. bxc3) 31... Qc7 32. Re5 Rxe5 33. Rxe5 Qb6 34. Qf4 $1 {Black must now prevent Ng4.} Qc7 (34... Qxb2 $11 {remains equal.} 35. Re1 Qc2) 35. Kf2 Qd6 {[#]} (35... h6 $16) 36. Nxd5 $1 {[%mdl 512] Hoping for Qf6+.} Rf8 ({But not} 36... Rc2+ 37. Kg3 $18) (36... exd5 37. Re8+) 37. Nf6 Rd8 38. h4 $40 {[%mdl 128] Black is in trouble.} h6 39. d5 ({White should try} 39. gxh6 $18 {Strongly threatening Kg3.} Rf8 40. Rf5) 39... Qb6+ $16 40. Re3 Qxb2+ $2 {[%mdl 8192]} (40... exd5 $16 41. Qe5 Qd6) 41. Kg3 $2 (41. Re2 $18 Qb4 42. Qxb4 axb4 43. dxe6 hxg5 44. e7) 41... exd5 {[#]} (41... Qa1 $1 $14) 42. h5 (42. Qc7 $1 $16 {[%cal Rc7d8][%mdl 512]} Ra8 43. Nxd5) 42... Be4 $1 $11 43. Nxe4 dxe4 {[%mdl 4096] Endgame KQR-KQR} 44. g6 Qg7 45. Rxe4 {And now Qe3 would win.} Rf8 $2 {[%mdl 8192] [#]} (45... Kg8 $11) 46. Qc1 $2 ({White must play} 46. Qe3 $1 $18 {Threatening mate with Re7.} Qc7+ 47. Kg4 Qd7+ 48. Kh4) 46... Kg8 $1 47. Qc4+ Kh8 48. Qc5 {White wants to mate with Re7.} Qf6 49. Qe3 Kg8 50. Re7 Qd6+ $1 51. Kg4 Qb4+ $1 52. Kh3 Rf3+ $1 53. Qxf3 Qxe7 $14 {KQ-KQ} 54. Qd5+ Kg7 55. Kg4 Qe2+ 56. Kf4 {Qf7+ would kill now.} Qf2+ $2 {[%mdl 8192] [#]} (56... Qh2+ $11 57. Ke3 Qg1+ 58. Kd2 Qf2+ 59. Kd3 Qf1+ 60. Kc2 Qf2+ 61. Kd3 Qf1+ 62. Kd4 Qf4+ 63. Kd3 Qf1+) 57. Ke5 $1 $18 {White threatens Qd7+ and mate.} Qg3+ 58. Ke6 {White mates.} Qg4+ 59. Kd6 Qg3+ 60. Qe5+ {Accuracy: White = 51%, Black = 37%.} 1-0

[Event "Panevezys Elite Open 2019"]
[Site "Panevezys"]
[Date "2019.06.25"]
[Round "1.4"]
[White "Stremavicius, Titas"]
[Black "Krykun, Yuriy"]
[Result "1/2-1/2"]
[WhiteElo "2477"]
[BlackElo "2342"]
[Annotator "TA"]
[PlyCount "34"]
[EventDate "2019.06.24"]
[EventType "swiss"]
[EventCountry "LTU"]
[SourceTitle "playchess.com"]
[Source "ChessBase"]
[SourceQuality "1"]

{[%evp 16,34,14,6,9,-17,-8,-10,-14,-38,-33,-50,0,-4,0,-12,-6,-28,14,-9,-8]} 1. d4 Nf6 2. Nf3 d5 3. e3 e6 4. Bd3 c5 5. b3 Bd6 6. Nbd2 O-O 7. Bb2 Nc6 8. a3 b6 9. O-O Bb7 {D05: Colle System with ...e6} 10. Ne5 Ne7 11. Rc1 (11. dxc5 bxc5 12. c4 Ng6 13. Nxg6 hxg6 14. cxd5 exd5 {½-½ (40) Nakamura,H (2763)-Le,Q (2715) chess.com INT 2018}) 11... Rc8 12. Qe2 Ne4 13. Rfd1 $146 ({Predecessor:} 13. Nxe4 dxe4 14. Bb5 Qc7 15. Qh5 a6 16. Be2 b5 17. dxc5 Bxc5 {½-½ (36) Turk,T (2018)-Berke,A (2169) Mali Losinj 2017}) 13... Nxd2 14. Rxd2 Ng6 15. Nxg6 hxg6 16. dxc5 Rxc5 17. b4 Rc8 1/2-1/2

[Event "Panevezys Elite Open 2019"]
[Site "Panevezys"]
[Date "2019.06.25"]
[Round "1.5"]
[White "Brazdzionis, Andrius"]
[Black "Ulybin, Mikhail"]
[Result "1/2-1/2"]
[WhiteElo "2337"]
[BlackElo "2474"]
[Annotator "TA"]
[PlyCount "88"]
[EventDate "2019.06.24"]
[EventType "swiss"]
[EventCountry "LTU"]
[SourceTitle "playchess.com"]
[Source "ChessBase"]
[SourceQuality "1"]

{[%evp 14,88,9,1,0,5,17,16,24,6,24,26,25,16,25,35,53,-55,-53,-70,-15,-219,-235,-220,-219,-221,-235,-341,-83,-73,-83,-83,-84,-81,0,0,0,0,189,178,295,0,0,0,0,0,0,0,0,0,0,0,0,0,0,0,0,0,0,0,0,0,0,0,0,0,0,0,0,0,0,0,0,0,0,0,0]} 1. d4 e6 2. c4 f5 3. Nc3 Nf6 4. e3 d5 5. Bd3 c6 6. Nge2 Bd6 7. f3 O-O 8. Qc2 dxc4 {A84: Dutch Defence: 2 c4 Miscellaneous} 9. Bxc4 Kh8 10. O-O Qe7 11. Bd2 b5 12. Bd3 Nbd7 13. Rac1 $146 ({Predecessor:} 13. e4 b4 14. Na4 fxe4 15. fxe4 e5 16. Qxc6 {1-0 (38) Koneru,H (2541)-Vega Gutierrez,S (2390) St Petersburg 2018}) 13... Bb7 14. e4 e5 15. dxe5 (15. Ng3 $14) 15... Nxe5 $15 {Threatens to win with ...Rad8.} 16. exf5 Rad8 (16... b4 $15 17. Na4 Rfd8) 17. Be4 $2 (17. Nf4 $1 $11) 17... b4 $1 $19 {[%cal Rb4c3]} 18. Na4 Nxe4 {[%mdl 64] Discovered Attack} 19. fxe4 {[#]} Nd3 $1 {[%mdl 512]} 20. Nf4 (20. Ng3 $142 Bxg3 21. hxg3) (20. Qxd3 Bxh2+) 20... Bxf4 $2 (20... Nxc1 $19 21. Rxc1 Qe5) 21. Bxf4 $17 {With the idea Nc5.} Qxe4 {[%mdl 64] Double Attack} 22. Nc5 Qd4+ $1 23. Kh1 Nxf4 ({Better is} 23... Nxc1 $17 24. Ne6 Qd3 $1 {[%mdl 512]} 25. Qxc1 c5 26. Nxd8 Rxd8) 24. Nxb7 $11 Rd5 {Strongly threatening ...Nd3.} 25. Nc5 $36 {[%mdl 2048] And now Ne6 would win. White fights for an advantage.} Rfxf5 $2 {[#]} (25... Qe3 $11 {and Black has nothing to worry.}) 26. Ne6 $1 $18 {[%cal Re6d4][%mdl 576] Pin} Qf6 {[#]} (26... Qe5 $142 27. g4 (27. Qxc6 h5 $11) 27... Rf6) (26... Nxe6 27. Rxf5) 27. Nxf4 $2 (27. g4 $1 $18 {[%cal Rg4f5]} Qxe6 28. gxf5 Rxf5 29. Qxc6 Qxc6+ 30. Rxc6) 27... Rxf4 {The position is equal.} 28. Rxf4 Qxf4 29. Qxc6 {[%mdl 4096] Endgame Threatening mate with Qe8+. KQR-KQR} h5 30. h3 Qe4 {Hoping for ...Rd1+!} 31. Rf1 Kh7 32. Qb7 a5 33. b3 Qe6 34. Qc7 Qe2 35. Qf4 Qc2 (35... Qe5 {is more complex.} 36. Qf2 Kh6 37. Re1 Qf6 38. Qe3+ Kh7) 36. Rf2 (36. Kh2 {with more complications.} Qg6 37. h4 Qe6 38. Rf2 Re5 39. Qg3) 36... Qb1+ 37. Kh2 Qe1 38. Rf1 Qe6 39. Rf3 Qe7 40. Re3 Qd7 41. Re5 Rxe5 42. Qxe5 {[%mdl 64] Double Attack} Kg6 43. Qxa5 Qd6+ 44. Kh1 Qd1+ {Accuracy: White = 52%, Black = 45%.} 1/2-1/2

[Event "Panevezys Elite Open 2019"]
[Site "Panevezys"]
[Date "2019.06.25"]
[Round "1.6"]
[White "Harutjunyan, Gevorg"]
[Black "Stauskas, Lukas"]
[Result "1-0"]
[WhiteElo "2446"]
[BlackElo "2306"]
[Annotator "TA"]
[PlyCount "89"]
[EventDate "2019.06.24"]
[EventType "swiss"]
[EventCountry "LTU"]
[SourceTitle "playchess.com"]
[Source "ChessBase"]
[SourceQuality "1"]

{[%evp 19,89,49,68,36,45,7,21,0,83,28,37,-21,41,10,11,-16,0,-8,0,-27,0,0,0,-11,14,-32,0,0,-2,-248,73,76,95,97,54,56,230,8,12,42,245,0,396,397,391,387,393,383,396,390,389,388,376,378,546,533,508,518,504,515,490,84,85,0,477,466,426,362,358,339,953,946]} 1. e4 c5 2. Nf3 d6 3. d4 cxd4 4. Nxd4 Nf6 5. Nc3 a6 6. Be3 e6 7. f3 Be7 8. Qd2 b5 9. g4 Bb7 10. O-O-O Nfd7 11. g5 {B80: Sicilian Scheveningen: 6 g3 and 6 Be3, including English Attack} Nb6 12. Nb3 $146 {Hoping for Qd4.} ({Predecessor:} 12. h4 N8d7 13. h5 Ne5 14. Qe1 Nec4 15. Rg1 g6 16. f4 b4 17. Nb1 Qc7 18. Bf2 Rc8 {½-½ (45) Bauer,W (2496)-Acevedo Villalba,A (2587) ICCF email 2006}) 12... Nc6 13. Qf2 {The position is equal.} Nd7 (13... Bxg5 $6 14. f4 $16) (13... Na4 $1 $11 {remains equal.}) 14. f4 (14. Rg1 $16) 14... Na5 $11 15. Bg2 (15. Rd4 $14) 15... Rc8 (15... b4 $11 16. Ne2 Nc4) 16. Kb1 Nc4 17. h4 b4 18. Ne2 a5 19. Nbd4 Nc5 20. Ng3 Qb6 21. Bc1 a4 22. Rhf1 Ba6 23. f5 {Black must now prevent fxe6.} b3 24. fxe6 $2 (24. axb3 $1 $11 axb3 25. Nxb3) 24... bxc2+ $2 ({Better is} 24... Na3+ $19 25. Ka1 Nxc2+ 26. Nxc2 bxc2 27. exf7+ (27. Qxf7+ Kd8 $17) 27... Kd8) 25. Nxc2 $16 fxe6 26. Qf7+ Kd7 27. Qxg7 a3 $2 (27... Nd3 $14 28. Nh5 (28. Rxd3 Nxb2 29. Qxb2 Qxb2+ 30. Bxb2 Bxd3 $16) 28... Nxc1) 28. Rf7 $2 (28. b4 $18 Rcg8 29. Qc3) 28... Rhe8 $11 29. b4 $36 {[%mdl 2048] aiming for Nh5. White has some pressure.} Na4 $2 (29... Nd3 $14 30. Rxd3 Ne5) 30. Nh5 $2 (30. Bh3 $18 Rc7 31. Bf4 (31. Qf6 Kc8 $11)) 30... Ne5 $2 {[%mdl 8192] [#]} (30... Kc7 $1 $11 31. Nf6 Ne5 32. Rxe7+ (32. Nxe8+ Kb8 $14) 32... Rxe7 33. Qxe7+ {[%mdl 64] Double Attack} Kb8) 31. Nf6+ $1 $18 {[%mdl 64] Double Attack} (31. Rxe7+ Rxe7 32. Nf6+ Kc6 $17) 31... Kc6 {...Nc3+ is the strong threat.} 32. Nxe8 (32. Rxe7 Nc3+ 33. Ka1 Rxe7 $17) (32. Nd4+ $2 {[#]} Kb7 $1 $19 {[%mdl 512]}) 32... Rxe8 33. Rxe7 Rxe7 34. Qxe7 {[%mdl 64] Double Attack} Nc3+ 35. Ka1 Nxd1 36. Qxe6 Qg1 (36... Kc7 $142 37. Bf4 (37. Bxa3 $2 Qg1 $19) 37... Qg1 38. Qe7+ {[%mdl 64] Double Attack} Kc6 39. Qe8+ (39. Bh2 Qxg2 40. Bxe5 Qxc2 $11) 39... Kb7 40. Qe7+ Ka8 41. Qd8+ Ka7) 37. b5+ {[%mdl 64] Deflection} Bxb5 {And now ...Kc7 would win.} 38. Qc8+ Kb6 39. Qb8+ {[%mdl 64] Double Attack} Ka6 40. Qa8+ $2 (40. Qxd6+ $18 {is more deadly.} Nc6 41. Bf3) 40... Kb6 $16 {Strongly threatening ...Nc6.} 41. Qb8+ $2 {[%mdl 8192]} (41. Qxa3 $16 Nc4 42. Qd3 Qxg2 43. Qxd1 Qxe4 44. Qd4+ Qxd4+ 45. Nxd4) 41... Ka6 $1 $18 42. Qxd6+ {[%mdl 64] Double Attack} Nc6 43. Bf3 Nc3 {[%cal Rg1c1]} 44. Qxa3+ {[%mdl 64] Double Attack} Ba4 $2 (44... Na4 45. Kb1 Nd4) 45. Kb2 {Accuracy: White = 38%, Black = 42%.} 1-0

[Event "Panevezys Elite Open 2019"]
[Site "Panevezys"]
[Date "2019.06.25"]
[Round "1.7"]
[White "Sliwicka, Alicja"]
[Black "Krivonosov, Oleg"]
[Result "0-1"]
[WhiteElo "2261"]
[BlackElo "2411"]
[Annotator "TA"]
[PlyCount "208"]
[EventDate "2019.06.24"]
[EventType "swiss"]
[EventCountry "LTU"]
[SourceTitle "playchess.com"]
[Source "ChessBase"]
[SourceQuality "1"]

{[%evp 24,208,0,0,4,11,11,0,0,-3,-18,-11,-17,-30,0,-27,-14,-18,-23,-47,-46,-54,-62,-63,-16,-13,-10,-10,-13,-53,-50,-112,-106,-119,-119,-260,-239,-231,-133,-129,-90,-93,-92,-89,-63,-73,-68,-73,-61,-61,-61,-78,-56,-69,-79,-83,-61,-75,-56,-79,-60,-68,-62,-70,-56,-68,-60,-62,-51,-51,-38,-60,-47,-82,-60,-60,-60,-62,-60,-68,-60,-68,-68,-82,-82,-87,-76,-70,-77,-89,-79,-85,-25,-112,-112,-123,-109,-112,-70,-113,-77,-85,-62,-85,-77,-84,-85,-66,-63,-109,-109,-109,-109,-109,-91,-91,-98,-108,-108,-109,-109,-109,-100,-117,-117,-117,-108,-109,-67,-62,-55,-85,-85,-85,-85,-109,-109,-106,-98,-109,-98,-156,-134,-134,-109,-224,-113,-113,-109,-190,-109,-109,-109,-109,-109,-112,-109,-113,-113,-113,-108,-108,-101,-177,-172,-647,-647,-639,-627,-583,-421,-527,-527,-506,-506,-1163,-635,-768,-749,-1096,-1051,-29982,-29983,-29983,-29984,-29997,-763]} 1. e4 e5 2. Nf3 (2. Nc3 Nc6 {½-½ (13) Heberla,B (2538)-Malaniuk,V (2518) Gora Sw Anny 2011}) 2... Nc6 3. Nc3 Nf6 4. d4 exd4 5. Nxd4 Bb4 6. Nxc6 bxc6 7. Bd3 d5 8. exd5 cxd5 9. O-O O-O 10. Bg5 c6 11. Qf3 Be7 12. Rae1 Re8 13. h3 h6 {C47: Scotch Four Knights and Four Knights with 4 g3} 14. Bc1 Bd6 15. Ne2 {[%cal Bc3e2,Be2d4,Bd4f5][%mdl 32]} Nd7 $146 {The position is equal.} ({Predecessor:} 15... Be5 16. Ng3 Qa5 17. a3 Bd7 18. c3 Qc7 19. Nh5 Nxh5 20. Qxh5 Bh2+ {0-1 (46) Hj,A (2049)-Sukandar,I (2311) Bandar Seri Begawan 2010}) 16. Nd4 Rxe1 17. Rxe1 Ne5 18. Qe2 Bd7 19. Nf5 Nxd3 20. Qxd3 Bf8 21. Re3 Qf6 $36 {[%mdl 2048] Black has some pressure.} 22. Rf3 Qe5 23. Bd2 {Nxh6+! is the strong threat.} Qe4 ({Wrong is} 23... Qxb2 $2 24. Nxh6+ $1 {[%mdl 512]} gxh6 25. Rg3+ Bg7 26. Bxh6 $18) (23... c5 {looks sharper.} 24. Ng3 c4 25. Qc3 Bd6 26. Qa5 d4) 24. Ng3 Qxd3 25. Rxd3 Be6 26. Rb3 d4 27. Rb7 (27. Rd3 $1 $15) 27... Bxa2 $17 28. Nf5 c5 29. b4 (29. c3 $17) 29... Be6 $19 30. Ne7+ {[#]} Bxe7 (30... Kh7 $1 $19 31. g4 (31. bxc5 $2 a5 $19) 31... cxb4 32. Bxb4 a5) 31. Rxe7 $17 cxb4 32. Bxb4 $19 {[%mdl 4096] Endgame KRB-KRB} a5 33. Bc5 Rc8 34. Bxd4 Rxc2 35. Ra7 Ra2 36. Bc5 a4 37. Bb4 Bb3 38. Bc5 Rc2 39. Bb4 Rc6 40. Ba3 Kh7 41. Kh2 Rf6 42. Bc5 Rf5 43. Be3 h5 44. g4 Rb5 45. Kg3 hxg4 46. hxg4 Rb4 47. Bd2 Re4 48. Be3 Be6 49. g5 Kg6 50. Ra5 Rb4 51. Kf3 Kh5 52. Kg3 Bb3 53. Ra8 Rg4+ 54. Kh2 Rc4 55. Kg3 Rb4 56. Ra7 Rg4+ 57. Kh2 Kh4 ({Black should play} 57... Bd5 $17 {Hoping for ...Kh4.} 58. Kh3 Re4) 58. Ra8 (58. f4 $11) 58... Rc4 $17 59. Ra7 Rc6 60. Kg2 Kg4 61. Ra5 Bd1 62. Kf1 Kh3 63. Ra7 Rd6 64. Ke1 Kg2 65. Bd2 Bb3 66. Ra5 g6 67. Ra7 Kf3 68. Re7 Ra6 {aiming for ...Be6.} 69. Re3+ Kg4 70. Bc1 Rc6 71. Bd2 Rc2 72. Rg3+ Kh4 73. Bb4 Be6 74. Be7 Rc7 75. Bf6 Bg4 76. Ra3 Ra7 (76... Bd7 {is more complex.} 77. Rd3 Bb5 78. Rd5 Bc4 79. Ra5 Bb3) 77. f4 Be6 78. Be5 Bb3 79. Kf2 Kg4 80. Ke3 Kf5 81. Kf3 Rd7 82. Ra1 (82. Ke3 $142) 82... Rd3+ 83. Kf2 Rh3 84. Ke2 {[#]} (84. Re1 $17) 84... Ke4 ({Better is} 84... a3 $1 $19 {[%mdl 512]} 85. Kd2 (85. Rxa3 Bc4+) 85... a2) 85. Kd2 Kd5 86. Rc1 (86. Bf6 $17) 86... Bc4 (86... a3 $19 87. Re1 a2) 87. Rc3 Rh2+ 88. Kc1 Kc5 89. Rc2 Rh3 90. Rc3 Rh1+ 91. Kb2 Rd1 92. Rc2 Kb5 (92... Rf1 {keeps more tension.} 93. Rc3 Rf2+ 94. Kc1 Kb4 95. Re3 Bb3) 93. Bc3 (93. Rc3 $17 {was called for.}) 93... Rd3 $19 94. Rf2 $2 {[#]} (94. Rc1) 94... a3+ $1 {[%cal Ba4a3,Ba3a2][%mdl 544]} 95. Kc2 (95. Kxa3 Rxc3+) 95... a2 {( -> ...Rxc3+!)} 96. Bb2 Rh3 97. f5 Bd3+ {[%mdl 64] Double Attack} 98. Kd2 gxf5 99. Rg2 (99. Be5 $142) 99... Be4 100. Rg1 Kc4 {Strongly threatening ...Rh2+.} 101. Ba1 f4 102. Rg4 Rh2+ {Black mates.} 103. Kc1 Kb3 104. Be5 Bf3 0-1